000
00318nam a2200121Ia 4500
008
150201s2003 xx 000 0 und d
082
_a
616.0757
_b
P03C
100
_a
CORR,PETER
245
_a
PATTERN RECOGINATION IN DIAGNOSTIC IMAGING
260
_b
AITBS
_a
DELHI
_c
2003
650
_a
RADIOLOGY & DIAGNOSIS
942
_2
ddc
_c
BK
999
_c
868
_d
868